Szegedi Hírlap Független Politikai Napilap. - 1. évf. (1947) 92. sz.
Elmentve itt :
| Dokumentumtípus: | Újság |
|---|---|
| Megjelent: |
1947
|
| Sorozat: | Szegedi Hírlap
1 No. 92 |
| Online Access: | http://misc.bibl.u-szeged.hu/28740 |
| LEADER | 00546nas a2200145 i 4500 | ||
|---|---|---|---|
| 001 | misc28740 | ||
| 005 | 20200430113536.0 | ||
| 008 | 171124s1947 hu n o 0|| zxx d | ||
| 040 | |a SZTE Miscellanea Repozitórium |b hun | ||
| 041 | |a zxx | ||
| 245 | 0 | 0 | |a Szegedi Hírlap |h [elektronikus dokumentum] : |b Független Politikai Napilap. - 1. évf. (1947) 92. sz. |
| 260 | |c 1947 | ||
| 490 | 0 | |a Szegedi Hírlap |v 1 No. 92 | |
| 561 | |a Szegedi helytörténeti dokumentumok | ||
| 856 | 4 | 0 | |u http://misc.bibl.u-szeged.hu/28740/1/szegedi_hirlap_1947_09_04_092.pdf |z Dokumentum-elérés |